| 000 | 00455nam a22001577a 4500 | ||
|---|---|---|---|
| 020 | _a978-1260547818 | ||
| 082 |
_a160 _bBAS |
||
| 100 | _aBassham,Gregory | ||
| 245 |
_aCritical Thinking: A student's introduction/ _c Gregory Bassham, William Irwin , Henry Nardone, James M. Wallace |
||
| 250 | _a6th Edition. | ||
| 260 |
_aUSA; _bMcGraw Hill, _c2019. |
||
| 300 | _axiii, 495 p. | ||
| 504 | _aIncudes index | ||
| 563 | _aPB | ||
| 942 |
_2ddc _cBK |
||
| 999 |
_c613574 _d613574 |
||